[Event "Candidates Tournament"]
[Site "Ekaterinburg"]
[Date "2020.03.23"]
[Round "6"]
[White "Nepomniachtchi, Ian"]
[Black "Ding, Liren"]
[Result "1-0"]
[WhiteElo "2774"]
[BlackElo "2805"]
[Annotator "Krasenkow,M"]
[PlyCount "79"]
[EventDate "2020.03.15"]
[EventType "tourn"]
[EventRounds "14"]
[EventCountry "RUS"]
[EventCategory "21"]
[SourceTitle "CBM 195"]
[Source "ChessBase"]
[SourceDate "2020.04.30"]
[SourceVersion "1"]
[SourceVersionDate "2020.04.30"]
[SourceQuality "1"]

{[%evp 0,79,19,29,30,23,17,17,17,-20,0,3,26,-4,20,28,24,-2,13,18,18,30,19,-3,1,
8,9,17,15,15,23,19,26,-17,-17,3,11,-10,-14,7,-1,-2,-15,-10,-15,-8,-17,-20,-18,
-14,-8,-2,7,14,93,82,41,41,52,66,96,102,108,90,221,193,169,155,158,158,158,171,
149,97,148,186,194,201,199,196,211,211]} 1. e4 e5 2. Nf3 Nc6 3. Bb5 a6 4. Ba4
Nf6 5. O-O Be7 6. d3 b5 7. Bb3 d6 8. a3 {A popular plan. White keeps his
bishop on the a2-g8 diagonal, and his knight can go directly to c3 instead of
d2-f1-g3 etc.} O-O 9. Nc3 Na5 10. Ba2 Be6 {Black gets rid of White's active
bishop.} 11. b4 Bxa2 12. Rxa2 Nc6 13. Bg5 {White fights for the d5 square for
his knight. This line was recently examined in CBM 194, annotations to
Vachier-Lagrave - Ding Liren by GM Romain Edouard.} Qd7 (13... Ng4 $5 {and}) (
13... Nd7 {are played here, too.}) 14. Bxf6 Bxf6 15. Nd5 a5 {This is actually
a prophylactical move against a3-a4. Black even agrees to double his kingside
pawns to prevent that.} ({After} 15... Bd8 16. a4 $1 {White keeps initiative
on the queenside.} (16. c4 Nd4 {leads to a position similar to the game but
more solid for Black due to his a6 pawn, e.g.} 17. Ne3 (17. Nxd4 $5 exd4 18.
Rc2 c6 19. Nf4 Bg5 20. Ne2 Bf6 {(R.Edouard)} 21. Nc1 $5 {[%cal Yc1b3]}) 17...
Nxf3+ (17... a5 $5 $11 {R.Edouard}) 18. Qxf3 Bg5 19. Nd5 Rfb8 20. Qg3 Qd8 21.
cxb5 axb5 22. Rc2 {1/2 (71) Motylev,A (2668)-Tomashevsky,E (2706) Izhevsk 2019}
Rb7 $13 {A.Motylev}) 16... Ne7 17. Ne3 (17. Qd2 Nxd5 18. exd5 Rb8 19. axb5 axb5
20. Qc3 Re8 $13 {1/2 (28) Lamard,G (2365)-Gozzoli,Y (2587) Salon-de-Provence
2017}) 17... Rb8 (17... c6 {1-0 (36) Ni,H (2670)-Xu,M (2302) China 2018} 18.
axb5 cxb5 19. Qa1 Qb7 20. c3 $14) 18. axb5 axb5 19. c3 Qe6 20. Ra6 (20. Qb1 d5
21. exd5 Nxd5 22. Nxd5 Qxd5 23. Re1 Bf6 24. Rae2 c5 $1 25. Nxe5 cxb4 26. Qxb4
Bxe5 27. Rxe5 Qxd3 $11 {1/2 (34) Anand,V (2785)-Aronian,L (2804) Bilbao 2014
CBM 163 [CB]}) 20... c6 {1/2 (57) Nakar,E (2478)-Viswanadha,K (2372) Forth
Worth 2017} 21. d4 $14) 16. Rb2 {A new idea. White avoids exchanges and
prepares c2-c4.} (16. Nxf6+ {is principled, of course:} gxf6 17. Rb2 (17. Nh4
$6 axb4 18. Nf5 Kh8) 17... axb4 18. axb4 f5 19. Nh4 $1 f4 20. Nf5 Kh8 21. d4 {
leads to a critical position, which happened in a number of games:} f6 (21...
Rg8 22. Rb3 Rg5 23. dxe5 Nxe5 {1-0 (40) Bacrot,E (2722)-Gretarsson,H (2565)
Internet 2018} 24. Qd5 $5 Rag8 25. g3 $14 {R.Edouard}) 22. Qd3 (22. f3 Ne7 $11
{1/2 (34) Bakhmatsky,V (2446)-Kravtsiv,M (2645) Rivne 2016}) 22... Ne7 (22...
d5 $5 {may be enough for equality}) 23. Nxe7 Qxe7 24. Qxb5 exd4 25. Qd3 Qe5 26.
b5 Rfe8 27. b6 cxb6 28. Rxb6 Rac8 29. Rb4 Rc3 30. Qxd4 Rxc2 31. Qd1 $14 {
1/2 (100) Dominguez Perez,L (2751)-Tomashevsky,E (2701) Baku 2014}) ({Other
options:} 16. Ra1 Bd8 17. c3 Ne7 18. Nxe7+ Bxe7 19. Qb3 Rfb8 $11 {0-1 (41)
Cornette,D (2391)-Kravtsiv,M (2636) Cappelle-la-Grande 2016}) (16. c4 Ne7 $1
17. Rc2 (17. Qb3 $6 bxc4 18. Nxe7+ Bxe7 19. dxc4 axb4 20. axb4 Qc6 $1 21. Re1
Rxa2 22. Qxa2 Ra8 $15 {1/2 (90) Vachier Lagrave,M (2780)-Ding Liren (2801)
London 2019}) 17... axb4 $5 (17... Nxd5 18. cxd5 axb4 19. axb4 Ra4 20. Qd2 Rfa8
21. Rfc1 Bd8 22. h3 $14 {1-0 Carlsen,M (2837)-Ding Liren (2774) Saint Louis
2017}) 18. axb4 bxc4 19. Nxf6+ gxf6 20. dxc4 Ng6 21. c5 Rab8 22. cxd6 cxd6 23.
Rc4 Rb5 24. Ne1 d5 25. Nc2 Rd8 26. exd5 {½-½ (26) Hovhannisyan,R (2601)
-Kravtsiv,M (2685) Batumi 2018}) 16... axb4 (16... Bd8 $6 17. c4 $1) 17. axb4
Bd8 18. c4 Nd4 (18... Ne7 $5 {, avoiding doubling pawns, deserves serious
attention.}) 19. Nxd4 exd4 20. Qc2 Re8 {Black doesn't rush to play ...c7-c6.} (
{In case of} 20... c6 21. Nf4 {[%cal Rc4b5]} Qb7 $5 (21... Rb8 $143 22. Ra1 {
[%cal Ga1a8]}) 22. Ne2 Bf6 23. Rc1 {White keeps some pressure.}) 21. g3 {
A useful luft.} bxc4 {A risky operation. White activates his queen now.} ({
An active waiting move like} 21... Ra3 {was more to the point. If} 22. cxb5
Qxb5 23. Nxc7 {then} Bxc7 24. Qxc7 Rxd3 25. Qxd6 Rxe4 $11) 22. Qxc4 c6 23. Nf4
Bg5 24. Ne2 d5 {That was Black's idea but White obtains a dangerous passed
pawn.} 25. exd5 cxd5 26. Qb3 $14 h5 {Black must create kingside counterplay.}
27. b5 {[%mdl 32] White advances this pawn, with a possible idea to trade it
for Black's 2 d-pawns. In that case, btw., ...h7-h5 can become a weakening
move.} (27. h4 $2 Bxh4 $1 28. gxh4 Rxe2 $1 29. Rxe2 Qg4+) 27... h4 $6 (27...
Rab8 28. b6 Rb7 {was more solid.}) 28. b6 h3 $6 (28... Rab8) 29. Kh1 $1 {
Exactly! White parries Black's threats by setting up his knight on g1, if
necessary. Black's h3 pawn becomes a weakness, instead of strength; moreover,
it will be the classical "second weakness", in addition to White's passed
b-pawn.} Reb8 30. Rfb1 $6 (30. Qb5 {is more energetic:} Qf5 31. Ng1 (31. Nxd4
Qg4 {is less clear}) 31... Rb7 32. Re1 {[%cal Re1e8]} Kh7 33. f4 Bf6 34. Qc6
Rab8 35. Rb3 {, and Black is in trouble.}) 30... Bd8 31. Qb5 {Of course, the
exchange of queens would be deadly for Black.} Qg4 $2 (31... Qf5 $142 $1 32.
Nxd4 Qg4 $1 33. b7 (33. Qxd5 $143 Bf6 $1 34. Rb4 Bxd4 35. Rxd4 Rxb6 $3 36.
Qxa8+ Kh7) 33... Ra7 34. Qe8+ Kh7 35. Qxf7 Bf6 $1 (35... Qxd4 $2 36. Qh5+ Kg8
37. Re2 $18) 36. Rb4 Bxd4 37. Qxd5 Ra5 $1 38. Rxd4 Rxb7 $3 39. Qxb7 Qxd4 40.
Qe4+ Qxe4+ 41. dxe4 Ra2 $1 42. Kg1 Re2 43. Kf1 Rxe4 {, and Black miraculously
survives in this endgame, e.g.} 44. Re1 Ra4 45. f3 Kg6 46. Kf2 Kh5 $1 47. Re5+
(47. g4+ Kh4 48. Re5 Ra2+) 47... g5 48. f4 Ra2+ 49. Kf3 Ra3+ 50. Ke4 Rxg3 $3
$11 51. hxg3 $140 h2 52. Rxg5+ Kh6 {[%cal Yh2h1] Finding this over the board
is out of human abilities, of course.}) 32. Qxd5 $2 {White gives his opponent
a second chance.} (32. Qe8+ Kh7 33. Qxf7 {was absolutely winning, e.g.} Rxb6 (
33... Bf6 34. Ng1 $18 {[%csl Gb6]}) 34. Rxb6 Bxb6 35. f3 Qg5 36. Nf4 $18 {
[%cal Rf4h3,Rf4d5]} Ra7 37. Ne6 $1) 32... Ra5 $1 33. Qc6 $2 {Consequent but it
was better to turn away:} (33. f3 Rxd5 34. fxg4 $16) 33... Rc5 $2 {Another
miss.} (33... Rxb6 $1 34. Rxb6 Qxe2 $1 {, and White has nothing better than}
35. Rb8 {but after} Re5 $3 36. Rxd8+ Kh7 {[%cal Re2e1,Re2f2] he must play} 37.
Rh8+ (37. Rg1 Qxf2 {[%cal Re5e2,Re5e1] can be even dangerous for him}) 37...
Kxh8 38. Qc8+ Kh7 39. Qxh3+ Kg6 {[%cal Re2d3]} 40. Qf1 Qf3+ 41. Kg1 Re2 $11)
34. Qe8+ Kh7 35. Ng1 {White has consolidated his position keeping his passed
pawn.} Rxb6 {A desperate piece sacrifice.} 36. Qxd8 {Perhaps it was
technically better to decline it:} (36. Rxb6 Bxb6 37. Qxf7 $18 {[%cal Yf2f3]} (
{but not} 37. Rxb6 $2 Rc1 38. Qe4+ Qxe4+ 39. dxe4 d3 40. Rd6 Rd1 {, and White
can't untie his pieces})) 36... Rxb2 37. Rxb2 Rc1 38. Qh4+ $8 Qxh4 39. gxh4 Rd1
40. f3 {Black resigned a bit too early.} ({After} 40. f3 f6 ({or} 40... Kh6)
41. Rb4 Rxd3 42. Nxh3 Rxf3 43. Kg2 Rd3 {White still had a lot of work to do to
convert his extra knight.}) 1-0

[Event "Candidates Tournament"]
[Site "Ekaterinburg"]
[Date "2020.03.25"]
[Round "7"]
[White "Vachier Lagrave, Maxime"]
[Black "Nepomniachtchi, Ian"]
[Result "1-0"]
[WhiteElo "2767"]
[BlackElo "2774"]
[Annotator "Edouard,R"]
[PlyCount "83"]
[EventDate "2020.03.15"]
[EventType "tourn"]
[EventRounds "14"]
[EventCountry "RUS"]
[EventCategory "21"]
[SourceTitle "CBM 195"]
[Source "ChessBase"]
[SourceDate "2020.04.30"]
[SourceVersion "1"]
[SourceVersionDate "2020.04.30"]
[SourceQuality "1"]

1. e4 e6 2. d4 d5 3. Nc3 Bb4 4. e5 c5 5. a3 Bxc3+ 6. bxc3 Ne7 7. h4 $5 {
A tricky line with a growing popularity, the classical 7.Qg4 leading to masses
of theory.} Qc7 $5 8. h5 h6 ({Black can also capture the pawn with} 8... cxd4 {
but after} 9. cxd4 Qc3+ 10. Bd2 Qxd4 11. Nf3 Qe4+ 12. Be2 Nf5 {this is just a
complicated line, where White enjoys fine compensation, as Black's king stands
in the center, while the e4-queen is a bit too exposed.}) 9. Rb1 $5 {This move
has a simple idea: to free the queen from d1, as otherwise Qg4 would be met
with ...cxd4 and ...Qc3+.} b6 10. Qg4 Rg8 11. Bb5+ $1 {A typical move. White's
idea is to provoke ...Bd7 or ...Nbc6, in both cases making ...Ba6 next
impossible.} Kf8 $1 $146 {But Nepo finds an easy solution, and doesn't move
either of his minor pieces.} (11... Bd7 {quickly went wrong for Black in the
only existing game:} 12. Bd3 $1 Nf5 $2 (12... Kf8 $142) 13. Qf4 Nc6 $2 14. Bxf5
exf5 15. e6 $1 $18 {1-0 (36) Bartel,M (2629)-Jaroch,K (2254) Zgierz 2017}) 12.
Bd3 Ba6 13. dxc5 $5 {This way look like an awkward change of pawn structure,
keeping isolated doubled c-pawns, but actually there are several good reason
to play this move: (1) it is to White's advantage to open the b-file, since he
has a rook on b1 (2) Black will have to capture on d3 soon or late and the
pawn structure will be back to normal (3) it avoids ideas like ...Bxd3
followed with ...c4 that would create a hole on c4 in Black's favour and (4)
it works tactically, as after ...Qxe5+ White would just go Ne2 and the Black
queen would be too exposed after a coming Bf4.} Bxd3 (13... bxc5 14. Nf3 {
would be likely to transpose.} ({And not} 14. Rxb8+ $4 Rxb8 15. Bxa6 c4 $17))
14. cxd3 Nd7 15. d4 bxc5 16. Qd1 {Until now both players had spent little time
and both seemed to be inside their home preparation. Engines give equality
here, and online commentators claimed that Black is doing alright. Even Magnus
Carlsen said: "this is probably the best ...Kf8 Winawer I have ever seen". But
I fully disagree with that assessment. White is behind in development but has
a future for his pieces and especially his king, while Black doesn't have as
long as queens are on the board. I definitely prefer White here. I would also
tend to believe this could be al AlphaZero suggestion, as here we're
witnessing a typical long-term pressure on the black position.} Qa5 17. Bd2 $1
{Of course Maxime doesn't mind sacrificing his a3-pawn.} Rb8 ({Obviously} 17...
Qxa3 {was playable, but again, after} 18. Ne2 Qa6 19. O-O {I believe White has
excellent middle and long-term compensation.}) 18. Ne2 c4 $2 {This is
definitely a mistake, making White's life too easy. It is true that it avoids
Bd2-b4 forever, but the bishop may get to this diagonal through c1 and a3.} (
18... Rxb1 19. Qxb1 Qa6 {looked like the human way to play, although after} 20.
a4 $1 {I like White. If Black takes the pawn, White can castle. If not, Qb5
should guarantee White a small advantage.}) 19. O-O Rb6 20. Qc2 Rh8 $6 {
Definitely, Nepo has no idea what to do, and this is the main problem of his
position from the start.} (20... Ra6 21. Bc1 Qa4 {to try to stop the bishop
going to a3 would probably not work for long after} 22. Qd2 {with the idea of
Rb4.}) 21. a4 Ke8 22. Rb4 Nc6 23. f4 $1 {Superb! Just ignoring the hanging
rook on b4.} Ne7 (23... Nxb4 24. cxb4 Qa6 25. f5 {and Black is facing a
terrible attack, while he cannot make use of his extra exchange.}) 24. Rfb1 f5
({Another reaction would have been} 24... g6 {after what White could have
played} 25. hxg6 fxg6 26. f5 $5 gxf5 27. Nf4 {with Qd1 next and devastating
compensation.}) 25. Rb5 Qa6 26. Bc1 $1 {Finally the bishop is about to join
the a3-f8 diagonal.} Kf7 $2 ({It may have been the last moment to play} 26...
g6 {but after} 27. Ba3 $1 gxh5 28. Ng3 {Black is in huge trouble anyway.}) 27.
Ba3 Rhb8 (27... Rxb5 28. Rxb5 Rb8 {trying to liquidate everything would just
lose after} 29. Rxb8 Nxb8 30. Bxe7 $1 Kxe7 31. g4 $1 {and the white queen gets
to g6, from where it is going to collect quite a few pawns.}) 28. Bxe7 $1 Kxe7
29. g4 $1 {Same as above! Black's position starts to collapse.} Rxb5 (29...
fxg4 $2 30. Qg6 $18) 30. axb5 Rxb5 31. gxf5 $1 {Perfect play by Maxime.} (31.
Rxb5 $2 Qxb5 32. gxf5 Qb3 {would give Black serious chances to hold.}) 31...
Rxb1+ 32. Qxb1 exf5 33. Ng3 $1 {Finally, the crucial f5-pawn falls.} (33. Qxf5
{would be less precise due to} Qe6 $1 {and White should watch out for Black's
a-pawn.}) 33... Qb6 34. Nxf5+ Kf8 35. Qa1 Qe6 {Black is despearately seeking
for counterplay on the kingside.} 36. Ng3 $1 {Again, perfect! The knight makes
room for the white pawns to advance and will be a perfect defender of the
white king.} Qg4 37. Kg2 Qxf4 ({At the press conference Maxime showed the
following lines, that he had calculated during the game:} 37... g6 38. Qa3+ Ke8
39. Qd6 gxh5 40. e6 Nf8 (40... Nb6 41. f5 h4 42. Qb8+ Ke7 43. Qc7+ $18) (40...
Nf6 41. Qb8+ Ke7 42. Qc7+ $1 Kxe6 43. f5+ $18) 41. f5 h4 42. Qb8+ Ke7 43. Qc7+
Kf6 44. Qf7+ Kg5 45. Qg7+ Kf4 46. Qe5+) 38. Qxa7 Ke7 (38... Qg4 39. Qa8+ Ke7
40. Qxd5 $18) 39. Qa3+ Kd8 40. Qd6 $1 {Now it's easy. Black is parlyzed, the
d5-pawn is hanging, and as explained earlier: Black has no chance of giving a
perpetual check.} g5 (40... Ke8 41. Qe6+ Kd8 42. Qxd5 $18) (40... Qd2+ 41. Kh3
Qxc3 42. e6 $18) 41. hxg6 h5 42. g7 {The black queen will have to leave the
f4-square, from where it was "pinning" the e5-pawn, and e5-e6 is unavoidable.
What a victory for Maxime, at the most crucial time of the first half of the
event!} 1-0